000 01580nam a2200229Ia 4500
003 Ost
005 20260507075423.0
008 260507s9999||||xx |||||||||||||| ||und||
020 _a978995797046
040 _cfsecg
041 _aara
082 _a330
100 _aالقندلجي، عامر إبراهيم
_eمؤلف
245 0 _aالحكومة الإلكترونية /
_c عامر إبراهيم القندلجي
260 _aعمان:
_bدار المسيرة,
_c2015
300 _a352 صفحة؛
_bإيضاحات ؛
_c25 سم
520 _aالحكومة الإلكترونية، مستلزمات بناء الحكومة الإلكترونية وخطواتها ومحدداتها، شبكة إنترنت قاعدة إرتكازية مطلوبة للحكومة الإلكترونية، الإدارة الإلكترونية والحكومة الإلكترونية، التجارة الإلكترونية ودورها الداعم للحكومة الإلكترونية، البنوك الإلكترونية في الحكومة الإلكترونية، تطبيقات ونشاطات اخرى للحوكمة الإلكترونية، الأرشيف الإلكتروني من ضرورات الحكومة الإلكترونية، تجارب وتطبيقات مختارة في بناء حكومات إلكترونية، مشاكل وتحديات الحكومة الإلكترونية ومعالجاتها .
653 _aالإدارة العامة- تكنولوجيا
653 _aالحكومة
653 _aتكنولوجيا المعلومات
942 _cكتاب
999 _c44475
_d44475